| 000 | 00906nam a2200193Ii 4500 | ||
|---|---|---|---|
| 003 | JO-AjNU | ||
| 008 | 230605s9999||||xx |||||||||||||| ||und|| | ||
| 040 |
_aJO-AjNU _bara _erda _cJO-AjNU |
||
| 041 | _aara | ||
| 050 | 1 | 4 | _aHD38.5.J3982 2008 |
| 100 | 3 |
_aجواد،شوقي ناجي، م.مشارك محمد سالم الشموط, _eauthor _957205 |
|
| 245 | 0 | 0 | _aإدارة سلسلة التوريد : علاقات الموردين : مدخل إداري = Supply Chain Management : Suppliers Relations : Managerial Approach |
| 264 | 3 | 1 | _aعمان: اثراء للنشر والتوزيع، 2008 |
| 300 |
_a238ص _bيحتوي على قائمة مصطلحات من ص 221ص-232ص |
||
| 336 |
_atext _btxt _2rdacontent |
||
| 337 |
_aunmediated _bn _2rdamedia |
||
| 338 |
_avolume _bnc _2rdacarrier |
||
| 650 | 4 |
_aادارة المواد - المخازن - الشراء - التوريدات - ادارة _957206 |
|
| 999 |
_aA25620 _c29188 _d29188 |
||